Таємниці володарів Русі (від Олега до Володимира Мономаха) (Запис № 579748)

МАРК-запис
000 -Лідер
fixed length control field 01044 a2200229 4500
003 - Ідентифікатор контрольного номера
control field UA-OsUOA
005 - Дата та час останнього входження (трансакції)
control field 20260303153843.0
008 - Елементи даних фіксованої довжини – загальна інформація
fixed length control field 260303b un ||||| |||| 00| 0 ukr d
020 ## - Міжнародний стандартний книжковий номер (ISBN)
Міжнародний стандартний книжковий номер (ISBN) (НП) 9668436008
040 ## - Джерело каталогізації
Мова каталогізації ukr
Агенція, яка здійснювала перезапис UA-OsUOA
080 ## - Індекс Універсальної десяткової класифікації
Індекс Універсальної десяткової класифікації (УДК) (НП) 82-94(477)
090 ## - Локальний шифр розміщення
Класифікаційний індекс УДК 82-94(477)
Авторський знак (НП) С47
100 ## - Основне введення – ім’я особи
Ім’я особи (НП) Сліпушко О.
9 (RLIN) 23341
245 ## - Відомості про назву
Назва (НП) Таємниці володарів Русі (від Олега до Володимира Мономаха)
Дані про відповідальність (НП) Оксана Сліпушко
260 ## - Публікація, розповсюдження і т.п. (Вихідні дані)
Місце публікації, розповсюдження і т.п. (П) К.
Ім’я/ наймення видавництва, розповсюджувача і т.п. (П) Аконіт
Дата публікації, розповсюдження і т.п. (П) 2003
300 ## - Фізичний опис
Обсяг 192 с.
490 ## - Область серії
Назва серії Мій погляд
650 ## - Додаткове предметне введення – тематичний термін
Тематичний термін чи географічна назва, як елемент введення (НП) 82-94 Історія як літературний жанр. Історичні твори. Історіографія. Хроніки. Аннали, літописи. Мемуари. Спогади. Щоденники. Біографії. Автобіографії
9 (RLIN) 2061
942 ## - Додаткові елементи входу (Коха)
Тип елемента Koha Книги
Source of classification or shelving scheme Universal Decimal Classification
955 ## - Код типу видання за змістом
Код типу видання за змістом (НП) Літературно-художні видання
Фонди
Стан вилучень Стан втрат Джерело класифікації або схеми стелажів Стан уражень Не для кредиту Код колекції Постійне місце розташування Поточне розміщення Дата придбання Джерело придбання Вартість, звичайна ціна покупки Усього замовленно Повний номер виклику Штрих-код Дата останнього перегляду Ціна ефективна від Тип елемента Koha Примітка, призначена для загального доступу
    Universal Decimal Classification     Колекція Шевчука Валерія АБ - Абонемент НБ АБ - Абонемент НБ 03/03/2026 08/02.03.2026 75.00   82-94(477) С47 169442 03/03/2026 03/03/2026 Книги з автографом